| 000 | 00502cam a2200193ua 4500 | ||
|---|---|---|---|
| 020 | _a0-408-00527-0 | ||
| 041 |
_aeng _h |
||
| 082 |
_a629.2228 _bYOU/AU |
||
| 100 | _aYoung, A P . | ||
| 245 |
_aAutomobile electrical and electronic equipment / _cA P Young. _hTextual Documents |
||
| 250 |
_a9 / _b. |
||
| 260 |
_aLondon : _bEnglish Language Book Society , _c1980. |
||
| 300 | _a458 ; . | ||
| 504 | _a | ||
| 700 | 1 | _aGriffiths, L . | |
| 942 | _cBK | ||
| 999 |
_c9813 _d9813 |
||